000 00403nam a2200133Ia 4500
003 GCL
008 140319s9999 xx 000 0 ara d
040 _aGCL /
_cGCL
082 0 4 _a377.962
_bز ت
245 1 0 _aالتعليم الدينى فى مصر
260 _a[S.N] :
_bالهيئة المصرية العامة للكتاب ،
_c1992
300 _a780 ص
490 _aالمكتبة الثقافية
_v0
999 _c54901
_d54901